000 00575nam a2200169Ia 4500
003 IN-BaIIA
008 211028s9999 xx s 000 0 eng d
020 _a9780819437822 (Print)
040 _cIIA Library
100 _aHoover, Richard, ed.
_941835
245 0 _aInstruments, Methods, and Missions for Astrobiology III
_h[eBook]
260 _aWashington, USA
_bSPIE
_c2000
300 _aOnline resource
490 _aProceedings of SPIE; V. 4137
856 _uhttps://www.spiedigitallibrary.org/conference-proceedings-of-spie/4137
_yClick Here to Access eBook
942 _cEB
999 _c26631
_d26631